000 00605nam a2200253Ia 4500
005 20260121155157.0
008 008 260114s9999 xx 000 0 eng d
020 _a9780429292514
037 _aEBOOK
040 _aCRL
040 _beng
040 _cCRL
041 _2eng
041 _aeng
084 _qCRL
100 _a Cory Wimberly
_91016305
245 0 _aHow Propaganda Became Public Relations
260 _bTaylor and Francis
260 _c2020
856 _uhttp://www.taylorfrancis.com/books/9780429292514
942 _cEBOOK
999 _c1583124
_d1583124